| 000 | 00326nam a22001217a 4500 | ||
|---|---|---|---|
| 008 | 200130b ||||| |||| 00| 0 eng d | ||
| 020 | _a9788120344679 | ||
| 082 |
_a006.68 _bATB |
||
| 100 | _aATKINSON,Cliff | ||
| 245 | _aBeyond bullet points:Using Microsoft power point | ||
| 250 | _a3th | ||
| 260 |
_aNew Delhi _bPHI Learning _c2012 |
||
| 999 |
_c8437 _d8437 |
||